00722nam a2200229 a 4500001001300000003000900013005001700022008004100039020001000080082001500090100002000105245008900125260003400214300000900248500003500257650003200292700002000324902000800344942000700352952011600359999001700475nice12345678IN_TiNIC20260116014746.0070828s2003 dela grp 000 0 eng  ac32000a302.2bNOR aNorton, Michael aGetting Started in Communicationb A Practical Guide for Activists and Organisations aDelhibSage Publicationc2003 a175p aincludes index and biblioraphy aNgos-Public Relations-India1 aNorton, Michael bSRS cBK 001040708StackRoom-aHMIbHMId2007-08-28g320.00l0o302.2 NORp021553r2007-08-28v320.00w2007-08-28yBK c16811d16811